000 00272nam a2200109Ia 4500
001 589108
005 20250717120842.0
008 250717s9999 xx 000 0 und d
245 0 _aX-3 TAŞ DEVRİ MODASI
_cREBECCA LISLE
260 _bİNDİGO YAYINLARI
_c2018
300 _b32
999 _c589108
_d589108